[Event "Lugano op"]
[Site "Lugano"]
[Date "2007.11.17"]
[Round "2.21"]
[White "Cappelletti, Federico"]
[Black "Raveglia, Luigi"]
[Result "1-0"]
[WhiteElo "1927"]
[BlackElo "1736"]
[PlyCount "117"]
[EventDate "2007.11.16"]
[EventType "swiss"]
[EventRounds "5"]
[EventCountry "SUI"]
[SourceTitle "CBM 121 Extra"]
[Source "ChessBase"]
[SourceDate "2008.01.10"]
[SourceVersion "1"]
[SourceVersionDate "2008.01.10"]
[SourceQuality "1"]

1. e4 g6 2. Nc3 Bg7 3. d4 d6 4. Be3 Nf6 5. Nf3 0-0 6. Qd2 Ng4 7. Bc4 Nxe3 8. fxe3 Nc6 9. 0-0 e5 10. Rf2 Bg4 11. Ne2 Kh8 12. Raf1 Bxf3 13. Rxf3 f6 14. Ng3 Qe7 15. Qd3 Nd8 16. Qb3 c6 17. Qa3 Nf7 18. Bxf7 Rxf7 19. Qd3 Raf8 20. a3 Bh6 21. b4 Qe6 22. c4 f5 23. d5 Qd7 24. exf5 gxf5 25. Nxf5 Rxf5 26. Rxf5 Rxf5 27. Qxf5 Bxe3+ 28. Kh1 Qxf5 29. Rxf5 Kg7 30. g4 h6 31. a4 Bg5 32. Kg2 Bf6 33. Kf3 Kg6 34. Ke4 a6 35. b5 axb5 36. axb5 cxb5 37. cxb5 Kg7 38. Kf3 Kg6 39. Kg3 Be7 40. Rf1 Bg5 41. Rf8 Be3 42. h4 b6 43. h5+ Kg7 44. Rd8 Bc5 45. Kf3 Kf6 46. Ke4 Kg5 47. Rg8+ Kh4 48. Kf3 Bb4 49. Rg6 Bc5 50. Rxh6 e4+ 51. Kxe4 Kxg4 52. Rg6+ Kxh5 53. Rg2 Kh6 54. Kf5 Kh7 55. Ke6 Bb4 56. Rc2 Kg7 57. Rc6 Bc5 58. Rxd6 Kg6 59. Rc6 1-0

[Event "Lugano op"]
[Site "Lugano"]
[Date "2007.11.16"]
[Round "1.18"]
[White "Raveglia, Luigi"]
[Black "Bellavita, Guido"]
[Result "0-1"]
[WhiteElo "1736"]
[BlackElo "2131"]
[PlyCount "64"]
[EventDate "2007.11.16"]
[EventType "swiss"]
[EventRounds "5"]
[EventCountry "SUI"]
[SourceTitle "CBM 121 Extra"]
[Source "ChessBase"]
[SourceDate "2008.01.10"]
[SourceVersion "1"]
[SourceVersionDate "2008.01.10"]
[SourceQuality "1"]

1. c4 g6 2. d4 Bg7 3. e4 d6 4. Nc3 Nf6 5. Nf3 0-0 6. Be2 Nbd7 7. 0-0 e5 8. d5 Nc5 9. Qc2 a5 10. Be3 b6 11. h3 Ne8 12. Bg5 f6 13. Bh4 Bh6 14. Nd2 Qe7 15. Rad1 Qg7 16. Bg3 Bf4 17. a3 a4 18. Bf3 Bxd2 19. Qxd2 f5 20. Qe2 Nf6 21. Rde1 f4 22. Bh2 g5 23. Kh1 Nb3 24. Nb5 Kh8 25. Qd1 Rg8 26. Rg1 g4 27. hxg4 Bxg4 28. g3 Qh6 29. gxf4 Qh5 30. Re3 exf4 31. Rxb3 axb3 32. Qxb3 Bxf3+ 0-1

[Event "Lugano op"]
[Site "Lugano"]
[Date "2003.10.31"]
[Round "5"]
[White "Rossi, Giampiero"]
[Black "Raveglia, Luigi"]
[Result "1/2-1/2"]
[WhiteElo "2040"]
[BlackElo "1748"]
[PlyCount "75"]
[EventDate "2003.10.31"]
[EventType "swiss"]
[EventRounds "6"]
[EventCountry "SUI"]
[SourceTitle "EXT 2007"]
[Source "ChessBase"]
[SourceDate "2006.11.23"]
[SourceVersion "1"]
[SourceVersionDate "2006.11.23"]
[SourceQuality "1"]

1. d4 d5 2. c4 e6 3. Nc3 Nf6 4. cxd5 exd5 5. Bg5 c6 6. e3 Bf5 7. Qf3 Bg6 8. Bxf6 Qxf6 9. Qxf6 gxf6 10. Nge2 Bd6 11. Nf4 Bxf4 12. exf4 Nd7 13. g3 h5 14. h4 0-0-0 15. Bh3 Rde8+ 16. Kd2 f5 17. Rhe1 Kd8 18. Rxe8+ Rxe8 19. Re1 Rxe1 20. Kxe1 Nf8 21. Kd2 Ne6 22. Kd3 Ke7 23. b4 b5 24. Bg2 Kd6 25. Bxd5 cxd5 26. Nxb5+ Kc6 27. Nxa7+ Kb6 28. Nc8+ Kb5 29. Kc3 Bh7 30. Nd6+ Ka4 31. Nxf7 Nc7 32. Nd6 Bg6 33. f3 Nb5+ 34. Nxb5 Kxb5 35. Kb3 Be8 36. a4+ Kb6 37. b5 Ka5 38. Ka3 1/2-1/2